000 00367nam a2200145Ia 4500
008 230711s9999||||xx |||||||||||||| ||und||
041 _aENG
082 _a4
_bCR-R
100 _aCraig,John J
245 0 _aIntroduction to robotics : mechanics and control
250 _a2nd Ed.
260 _c2003
_aNew Delhi
_bPearson
650 _aMechanical Engineering
942 _cBK
999 _c4292
_d4292